| 000 | 00634nam a2200301Ia 4500 | ||
|---|---|---|---|
| 005 | 20260401122108.0 | ||
| 008 | 008 250103s9999 xx 000 0 eng d | ||
| 020 | _a140081674 | ||
| 037 | _aTB | ||
| 040 | _aEDL | ||
| 040 | _beng | ||
| 040 | _cEDL | ||
| 041 | _2eng | ||
| 041 | _aeng | ||
| 084 | _a920.71 FAC | ||
| 084 | _qEDL | ||
| 100 |
_aFacey, A.B. _91232583 |
||
| 245 | 0 | _aFortunate Life | |
| 245 | 0 | _cFacey, A.B. | |
| 260 | _aAustralia | ||
| 260 | _bPenguin Books | ||
| 260 | _c1981 | ||
| 300 | _a330p | ||
| 942 | _cTB | ||
| 942 | _h920.71 FAC | ||
| 999 |
_c1844884 _d1844884 |
||